000 00825aam a2200277 i 4500
001 768714001
003 CO-MdFUSB
005 20251115113256.0
007 ta
008 251115txxx -us |||| |||| 00| 0 spa d
040 _cCO-MdFUSB
041 0 _aspa
082 0 4 _223
_a253.1
_bL6731i
100 1 _aLewis, V. H.
_eautor
240 _aThe Church winning souls
245 1 3 _aLa iglesia ganando almas
_c/ V. H. Lewis ; traducido por Ismael E. Amaya
264 0 _bCasa Nazarena de Publicaciones,
_aKansas, Missouri, USA :
_c[Fecha de publicación no identificada]
300 _a96 páginas
336 _atexto
_btxt
_2rdacontent
337 _2rdamedia
_asin mediación
_bn
338 _2rdacarrier
_avolumen
_bnc
563 _aRústico
650 0 _aEvangelización
_9362
942 _cBK
945 _aJTF-925
999 _c36621
_d36621